Bohaterzy rancza ze zdjęciem - Statystyki

Ogólne statystyki
  • Ten quiz został rozwiązany 104 razy
    53 od ostatniego zresetowania
  • Średni wynik to 22 z 36
Statystyki odpowiedzi
Obrazkowy Odpowiedź % Poprawnych
Jakub „Kusy” Sokołowski
97%
Paweł Kozioł
86%
Michałowa
83%
Arkadiusz Czerepach
80%
Halina Kozioł
80%
Maciej Solejuk
80%
Piotr Kozioł
80%
Kazimiera Solejuk
77%
Lucy Wilska
77%
Patryk Pietrek
77%
Fabian Duda
69%
Jan Japycz
69%
Klaudia Kozioł
69%
Andrzej Więcławski
66%
Krystyna Więcławska
66%
Leokadia Paciorek-Czerepach
66%
Tadeusz Hadziuk
66%
Celina Hadziuk
63%
ksiądz Robert
63%
Zofia "Babka"
63%
Dorota Wezół
60%
ksiądz Maciej
60%
Stanisław Japycz
60%
Kinga
57%
Mieczysław Wezół
57%
Tomasz Witebski
57%
ksiądz Wacław Sądecki
51%
Jolanta Pietrek
46%
Francesca Andreani-Witebska
43%
Stanisław Kotecki
43%
Ryszard Polakowski
40%
Wioletta Kotecka
34%
Monika Korczab
31%
Wiesława Oleś
31%
Jagna Nowak
26%
Jerry Smith
26%
Nie znaleziono quizów pasujących do podanych kryteriów
Rozkład punktacji
Procent ludzi z każdym wynikiem
Percentyl według liczby udzielonych odpowiedzi
Twoja historia wyników
Nie rozwiązałeś tego quizu od ostatniego zresetowania